000 00715cam a22002413a 4500
001 30104
003 PGUSA
005 20140828083641.0
008 090927s2009||||xxu|||||s|||||000 | eng d
040 _aPGUSA
_beng
042 _adc
050 4 _aQK
100 1 _aLinné, Carl von,
_d1707-1778
245 1 0 _aSpecies Plantarum, Sections VI-X
_h[electronic resource] /
_cCarl von Linné
260 _bProject Gutenberg,
_c2009
506 _aPublic domain in the USA.
516 _aElectronic text
653 _aPlants -- Classification -- Early works to 1800
653 _aPlants -- Early works to 1800
830 0 _aProject Gutenberg
_v30104
856 4 0 _uhttp://www.gutenberg.org/ebooks/30104
942 _cEB
999 _c259359
_d259359